000 00801nam a2200217 a 4500
001 37793
003 BD-RjUL
005 20211209052645.0
008 150708s1969 bg ||||| |||| 00| 0 ben d
035 _a(BD-RjUL)37898
040 _aBD-RjUL
_bben
_cBD-RjUL
041 _aben
082 _a954.14
_bROB 1969
100 _aরায়, অজয়
_9117056
245 _aবাঙলা ও বাঙালী /
_cঅজয় রায় ; আহমদ শরীফের ভূমিকা সম্বলিত
260 _aঢাকা :
_bখান ব্রাদার্স এণ্ড কোং,
_c১৯৬৯.
300 _a১৭৬ পৃ. ;
_c২২ সেমি.
650 _aইতিহাস
_zবাংলা
_9117057
650 _aHistory
_zBengal
_9117058
942 _2ddc
_cBK
_04
999 _c37793
_d37793